Filmbewertungen zuordnen Teil 2 - Statistiken

Allgemein
  • Dieses Quiz wurde 1.254 mal gespielt
  • Das Durchschnittsergebnis liegt bei 4 aus 11
Antwortstatistiken
Hint Antwort % Korrekt
So vorausschaubar, dass das Schiff sinken wird. Titanic
94%
Ich dachte Max wird mad. Ist nicht passiert. Mad Max: Fury Road
92%
Ich habe 6 Sinne: Hören, Sehen, Riechen, Schmecken und Fühlen. Wenn der Film dir einen sechsten Sinn geben sollte wurde ich abgezockt. Habe meinen sechsten Sinn nicht mal in dem Zusatzmaterial gefunden. The Sixth Sense
59%
Mein 6-jähriger Sohn hat den Film ausgesucht, weil er einen Hot Dog gesehen hat. Zwei Sekunden im Film habe ich das F*-Wort gehört und war schockiert. Mehrmals! Und dann sehe ich die Brötchen darüber reden, wie viel Fleisch sie in sich gestopft haben wollen. Kein Kinderfilm!!!! Sausage Party
56%
Ich hab nie gewusst, welche Probleme ein Käfer hat...mein Leben wurde dadurch geändert. A Bug's Life
41%
Ich hatte Mückenstiche, die mehr Leidenschaft hatten als dieser untote, unspaßige und in allem schlechter pseudo-romantischer Romeo und Julia Film. Twilight
37%
Das sind keine kleinen Frauen, das sind Mädchen. Little Women
24%
Stellt sich heraus er ist kein Zauberer. Magic Mike
11%
Es war als ob man einen Stummfilm schaut... A Quiet Place
10%
Ich habe den Film für meine 9. Klasse in Algebra angemacht und war sehr enttäuscht. Life of Pi
5%
Ich dachte es wäre ein Baseball Film. Pitch Perfect
5%
Keine übereinstimmenden Quizze gefunden
Verteilung der Resultate
Anzahl Personen mit jedem Resultat
Perzentil nach korrekt beantworteten Fragen
Ihre Resultats-Entwicklung
Sie haben dieses Quiz noch nicht gespielt